banner-ar

Exercise physiology : (Record no. 62202)

MARC details
000 -الفاتح
حقل البيانات ثابتة الطول 03798cam a2200469 i 4500
005 - وقت وتاريخ اخر تعامل مع التسجيلة
رقم الضبط 20240530110538.0
008 - عناصر البيانات ثابتة الطول - معلومات عامة
حقل البيانات ثابتة الطول 131018t20152015paua b 001 0 eng
010 ## -
-- 2013041139
020 ## - الرقم الدولى المعيارى للكتب
الرقم الدولى المعيارى للكتاب 9781451191554
020 ## - الرقم الدولى المعيارى للكتب
الرقم الدولى المعيارى للكتاب 1451191553
020 ## - الرقم الدولى المعيارى للكتب
الرقم الدولى المعيارى للكتاب الملغى /الخاطئ 9781451193831
020 ## - الرقم الدولى المعيارى للكتب
الرقم الدولى المعيارى للكتاب الملغى /الخاطئ 1451193831
035 ## - رقم ضبط النظام
رقم ضبط النظام (DNLM)101618271
040 ## - مصدر الفهرسة
وكالة الفهرسة الأصلية DNLM/DLC
وكالة النسخ DLC
قواعد الوصف rda
وكالة التعديل DLC
042 ## -
-- pcc
050 00 -
-- QP301
-- .M375 2015
060 10 -
-- QT 260
082 00 - رقم تصنيف ديوى العشرى
رقم الطبعة 23
رقم التصنيف 612.044
رقم المادة M E
100 1# - المدخل الرئيسى - إسم شخصى
الإسم الشخصى McArdle, William D.,
الدور author.
245 10 - بيان العنوان
العنوان Exercise physiology :
بقية العنوان nutrition, energy, and human performance /
بيان المسئوليه,etc William D. McArdle, Professor Emeritus, Department of Family, Nutrition and Exercise Science, Queens College of the City University of New York, Flushing, New York, Exercise Physiologist, Weight Watchers International, Frank I. Katch, Instructor and Board Member, Certificate Program in Fitness Instruction, UCLA Extension, Los Angeles, California, former Professor and Chair of Exercise Science, University of Massachusetts, Amherst, Massachusetts, Victor L. Katch, Professor of Movement Science, School of Kinesiology, Associate Professor, Pediatrics, School of Medicine, University of Michigan, Ann Arbor, Michigan.
250 ## - بيان الطبعة
بيان الطبعة Eighth edition.
300 ## - الوصف المادى
التعداد lix, 1028 pages :
تفاصيل ماديه اخرى للوعاء color illustrations ;
أبعاد الوعاء 29 cm
504 ## - تبصرة ببليوجرافية
تبصرة ببليوجرافية,الخ Includes bibliographical references and index.
650 #0 - المدخل الاضافى بالموضوع-مصطلح موضوعى
مصطلح موضوعي Exercise
التقسيم الفرعي العام Physiological aspects.
650 12 - المدخل الاضافى بالموضوع-مصطلح موضوعى
مصطلح موضوعي Exercise
التقسيم الفرعي العام physiology.
650 22 - المدخل الاضافى بالموضوع-مصطلح موضوعى
مصطلح موضوعي Nutritional Physiological Phenomena.
650 22 - المدخل الاضافى بالموضوع-مصطلح موضوعى
مصطلح موضوعي Sports Medicine.
700 1# - المدخل الاضافى - اسم شخصى
الإسم الشخصى Katch, Frank I.,
الدور author.
700 1# - المدخل الاضافى - اسم شخصى
الإسم الشخصى Katch, Victor L.,
الدور author.
942 ## - عناصر المدخل الإضافي( كوها)
مصدر التصنيف او مخطط الترفيف Dewey Decimal Classification
Koha [default] item type كتاب
264 #1 -
-- Philadelphia :
-- Wolters Kluwer Health/Lippincott Williams & Wilkins,
-- [2015]
264 #4 -
-- ©2015
336 ## -
-- text
-- rdacontent
337 ## -
-- unmediated
-- rdamedia
338 ## -
-- volume
-- rdacarrier
520 ## - التبصرة الخاصة بالتعليق أو التلخيص
ملخص,الخ "Setting the standard for more than 30 years, Exercise Physiology has helped more than 350,000 students build a solid foundation in the scientific principles underlying modern exercise physiology. This Eighth Edition is updated with the latest research in the field to give you easy-to-understand, up-to-date coverage of how nutrition, energy transfer, and exercise training affect human performance. Get quick access to the resources available to help you master each section of the text with "Ancillaries at a Glance." Maximize your study time with the book's vibrant, "magazine style" design that makes the content more engaging and accessible and key information easier to find. Reinforce your understanding with Chapter Objectives, Integrative Questions that pose open-ended questions for reflection on complex concepts, and FYI sections that offer "good to know" information. Gain an understanding of how researchers contribute to our knowledge of exercise physiology through engaging section-opening interviews with key figures in the field. Learn how theoretical concepts relate to practical skills through "In a Practical Sense" features. Access the most relevant current information in the field through figures and tables that clarify important concepts and information. Gain an understanding of the past, present, and future of the profession through coverage of important milestones and future directions in the field. Visit the free companion website for anywhere, anytime access to over 30 animations of key exercise physiology concepts, the book's complete list of references, and more"--
-- Provided by publisher.
856 42 - الوصول و الموقع الالكترونى
مواد محددة Publisher description
معرف المصدر الموحد http://www.loc.gov/catdir/enhancements/fy1501/2013041139-d.html
906 ## - عنصر بيانات محلى F, LDF (RLIN)
a 7
b cbc
c orignew
d 1
e ecip
f 20
g y-gencatlg
Holdings
حالة التراجع حالة الفقد مصدر التصنيف او خطة الترفيف حالة تلف ليس للاعارة المكان المؤقت الموقع الحالى تاريخ الاكتساب اجمالي اﻻعارات رقم الطلب الباركود تاريخ اخر مشاهدة تاريخ تفعيل السعر نوع وعاء كوها
    ddc     مكتبة القاهرة الكبرى مكتبة القاهرة الكبرى 05/03/2016   612.044 M E 161859 05/03/2016 05/03/2016 كتاب

Powered By

EGPV